<?xml version="1.0" encoding="UTF-8"?>
<collection xmlns="http://www.loc.gov/MARC21/slim">
  <record>
    <leader>00000nam  2200000   4500</leader>
    <controlfield tag="001">INLIS000000000019692</controlfield>
    <controlfield tag="005">20250414020445</controlfield>
    <datafield tag="035" ind1="#" ind2="#">
      <subfield code="a">0010-0425000035</subfield>
    </datafield>
    <controlfield tag="007">ta</controlfield>
    <controlfield tag="008">250414################g##########0#ind##</controlfield>
    <datafield tag="082" ind1="#" ind2="#">
      <subfield code="a">499.224 5</subfield>
    </datafield>
    <datafield tag="084" ind1="#" ind2="#">
      <subfield code="a">499.224 5 AFR s</subfield>
    </datafield>
    <datafield tag="245" ind1="1" ind2="#">
      <subfield code="a">Sintaksis Bahasa Rejang Dialek Pesisir /</subfield>
      <subfield code="c">Rudi Afriazi</subfield>
    </datafield>
    <datafield tag="260" ind1="#" ind2="#">
      <subfield code="a">Jakarta :</subfield>
      <subfield code="b">Pusat Pembinaan dan Pengembangan Bahasa,</subfield>
      <subfield code="c">1994</subfield>
    </datafield>
    <datafield tag="300" ind1="#" ind2="#">
      <subfield code="a">xii, 82 halaman :</subfield>
      <subfield code="b">ilus ;</subfield>
      <subfield code="c">21 cm</subfield>
    </datafield>
    <datafield tag="100" ind1=" " ind2="#">
      <subfield code="a">Afriazi, Rudi</subfield>
    </datafield>
    <datafield tag="650" ind1="#" ind2="4">
      <subfield code="a">Tata Bahasa, Kalimat, Sintaksis, Kata</subfield>
    </datafield>
    <datafield tag="020" ind1="#" ind2="#">
      <subfield code="a">979 459 495 4</subfield>
    </datafield>
    <datafield tag="520" ind1="#" ind2="#">
      <subfield code="a">Bahasa-bahasa daerah yang ada di Indonesia mempunyai pengaruh dalam pembentukan dan pengembangan bahasa Indonesia. Sebelum mengenal bahasa Indonesia, sebagian besar masyarakatnya menggunakan dan mempelajari bahasa ibunya (bahasa daerah) dalam interaksi kehidupan bermasyarakat. Oleh karena itu, tidak mengherankan apabila ucapan dan penyampaian pikiran dipengaruhi oleh kebiasaan dan kelaziman yang berlaku dalam masyarakat itu.</subfield>
    </datafield>
    <datafield tag="990" ind1="#" ind2="#">
      <subfield code="a">26981</subfield>
    </datafield>
  </record>
</collection>
